| 000 | 00787na a2200265 4500 | ||
|---|---|---|---|
| 001 | 16507 | ||
| 003 | MIRAKIL | ||
| 005 | 20181213154844.0 | ||
| 008 | 161012b tu 000 0 | ||
| 020 | _a9789757450122 | ||
| 040 |
_aMilas _btur _cTR-AnCHP |
||
| 041 |
_atur _aeng |
||
| 082 |
_a915.6215 _bK65d 2013 |
||
| 090 | _a915.6215 K65d 2013 | ||
| 100 | _aKonyar, Hümeyra Özalp | ||
| 245 |
_aDenizli _cfotğ. Rasim Konyar ; çeviri Turgut Arıkan |
||
| 260 |
_aİstanbul _bTÜRSAB Kültür yayınları _c2013 |
||
| 300 |
_a294 s. _bfotg. ; hrt. _c30 sm. |
||
| 500 | _aMetinler Türkçe-İngilizce karşılıklıdır. | ||
| 651 |
_aDenizli _xFotoğraflar |
||
| 651 |
_aDenizli _xGezi ve tanıtım |
||
| 700 | _aArıkan, Turgut | ||
| 700 | _aKonyar, Rasim | ||
| 942 |
_2ddc _cBKS |
||
| 999 |
_c2062 _d2062 |
||